[Event "OHS 2012"]
[Site "Herne"]
[Date "2012.02.28"]
[Round "3"]
[White "Jaring, Thorsten"]
[Black "Kiese, Matthias, Prof. Dr."]
[Result "1-0"]
[PlyCount "109"]
[WhiteElo "1935"]
[BlackElo "2102"]

1. e4 c5 2. c4 Nc6 3. Nc3 g6 4. d3 Bg7 5. f4 d6 6. Nf3 e6 7. Be2 Nge7 8. O-O
O-O 9. Qe1 Nd4 10. Rb1 Nec6 11. g4 f5 12. h3 Rb8 13. Bd2 a6 14. Kg2 b5 15. b3
Bb7 16. Nxd4 Nxd4 17. Bf3 b4 18. Nd1 d5 19. cxd5 exd5 20. e5 Nxf3 21. Kxf3 d4+
22. Kg3 fxg4 23. hxg4 Qd5 24. Qe2 g5 25. Nb2 gxf4+ 26. Bxf4 Rxf4 27. Rxf4 Bxe5
28. Rf1 Rf8 29. Nc4 Bc7 30. Rf2 Qg5 31. Qe6+ Kh8 32. Nd6 Rxf4 33. Rxf4 Bxd6 34.
Qxd6 Bd5 35. Qf8+ Bg8 36. Qf6+ Qxf6 37. Rxf6 a5 38. Rc6 a4 39. Rxc5 axb3 40.
axb3 Bxb3 41. Rb5 Bc2 42. Rxb4 Bxd3 43. Rxd4 Bc2 44. Rd7 h6 45. Kf4 Kg8 46. Ke5
Bb1 47. Kf6 Bc2 48. Rd8+ Kh7 49. Rd2 Bb1 50. Rh2 Bg6 51. g5 h5 52. Re2 Bd3 53.
Re7+ Kg8 54. g6 Bb5 55. Rb7 1-0

[Event "OHS 2012"]
[Site "Herne"]
[Date "2012.02.28"]
[Round "3"]
[White "Radi, Günter"]
[Black "Wickenfeld, Stefan"]
[Result "1-0"]
[PlyCount "101"]
[WhiteElo "1934"]
[BlackElo "2088"]

1. d4 d5 2. Nf3 c6 3. e3 Nf6 4. c4 e6 5. Nc3 Be7 6. Bd2 Nbd7 7. cxd5 Nxd5 8.
Nxd5 exd5 9. Bd3 O-O 10. O-O Qb6 11. Qc2 g6 12. b4 a6 13. Rab1 Re8 14. a4 Bd6
15. Bc3 Nf6 16. Ne5 Bxe5 17. dxe5 Ng4 18. Bd4 Qd8 19. f4 Qh4 20. h3 Nh6 21. Qf2
Qe7 22. Bc5 Qd8 23. g4 a5 24. bxa5 Qxa5 25. Bb6 Qc3 26. Rfd1 Rxa4 27. Bd4 Qa3
28. Qc2 Rxd4 29. exd4 Kg7 30. Ra1 Qe7 31. Qf2 Ng8 32. Kh2 Qb4 33. Rf1 Qc3 34.
Rad1 f6 35. f5 g5 36. e6 Ne7 37. Be2 Qb4 38. Kg2 h6 39. Rh1 Ng8 40. Rd3 b6 41.
h4 c5 42. hxg5 fxg5 43. Qg3 Ba6 44. Qe5+ Kh7 45. f6 Qb2 46. Kf3 Qc2 47. Qf5+
Kh8 48. Qg6 Qxe2+ 49. Kxe2 Rxe6+ 50. Kd2 Rxf6 51. Rxh6+ 1-0

[Event "OHS 2012"]
[Site "Herne"]
[Date "2012.02.28"]
[Round "3"]
[White "Schwarz, Ingo"]
[Black "Winterkamp, Sascha"]
[Result "0-1"]
[PlyCount "92"]
[WhiteElo "1784"]
[BlackElo "1953"]

1. e4 g6 2. Bc4 d6 3. d4 Bg7 4. Nf3 Nf6 5. Nc3 O-O 6. h3 c6 7. Bg5 b5 8. Bxf6
Bxf6 9. Bd3 e5 10. dxe5 dxe5 11. O-O Qe7 12. Qe2 Nd7 13. a4 b4 14. Na2 a5 15.
b3 Nc5 16. Bc4 Ne6 17. Rfd1 Nd4 18. Nxd4 exd4 19. Bd3 Qe5 20. Qf1 g5 21. g3 Kh8
22. Qg2 Rg8 23. g4 Be6 24. Nc1 c5 25. Rb1 c4 26. bxc4 Rac8 27. Qf1 h5 28. f3
Kg7 29. Ne2 hxg4 30. fxg4 Rh8 31. Qg2 Rh7 32. Rf1 Rch8 33. Rf3 Bd8 34. Rbf1 Bc7
35. Ng3 Kf8 36. Nf5 Ke8 37. Kf2 Qc5 38. Ke1 Bf4 39. Rh1 Kd7 40. Qf1 b3 41. cxb3
Bxf5 42. gxf5 Qb4+ 43. Kf2 g4 44. Rxf4 Qd2+ 45. Kg3 Qe3+ 46. Kg2 gxh3+ 0-1

[Event "OHS 2012"]
[Site "Herne"]
[Date "2012.02.28"]
[Round "3"]
[White "Bauland, Thomas"]
[Black "Nebel, Uwe"]
[Result "1-0"]
[PlyCount "77"]
[WhiteElo "1935"]
[BlackElo "1852"]

1. d4 f5 2. c4 Nf6 3. Nc3 e6 4. e4 fxe4 5. f3 exf3 6. Nxf3 Be7 7. Bd3 O-O 8.
Bd2 Qe8 9. Qc2 Nc6 10. Nb5 Nb4 11. Bxb4 Bxb4+ 12. Nc3 Qh5 13. O-O-O Ng4 14.
Rde1 Bxc3 15. bxc3 b6 16. h3 Qh6+ 17. Kb1 Ne3 18. Qf2 Nf5 19. g4 Ne7 20. Qg3
Bb7 21. d5 Bxd5 22. cxd5 Nxd5 23. c4 Nc3+ 24. Kc2 Nxa2 25. Kb3 Qf6 26. Ne5 Nb4
27. g5 Qe7 28. Bxh7+ Kxh7 29. Qh4+ Kg8 30. Ng6 Rf3+ 31. Kb2 Nd3+ 32. Kc2 Nxe1+
33. Rxe1 Qa3 34. Qh8+ Kf7 35. Ne5+ Ke7 36. Qxg7+ Kd6 37. Qxd7+ Kc5 38. Qc6+ Kd4
39. Re4# 1-0

[Event "OHS 2012"]
[Site "Herne"]
[Date "2012.02.28"]
[Round "3"]
[White "Trzaska, Peter"]
[Black "Wiechen, Ulrich"]
[Result "1/2-1/2"]
[PlyCount "86"]
[WhiteElo "2081"]
[BlackElo "1903"]

1. c4 e5 2. Nf3 Nc6 3. Nc3 Nf6 4. g3 Bc5 5. Bg2 d6 6. e3 Bg4 7. h3 Bh5 8. g4
Bg6 9. d4 Bb6 10. d5 Ne7 11. Nh4 c6 12. dxc6 Nxc6 13. Nxg6 hxg6 14. Ne4 Nxe4
15. Bxe4 g5 16. a3 Qc7 17. Bd2 Ne7 18. Qa4+ Kf8 19. Bc3 Rh6 20. O-O-O Rc8 21.
Kb1 Nc6 22. Bf5 Rd8 23. Rc1 Ke7 24. Rcd1 Rdh8 25. f4 Rxh3 26. Rxh3 Rxh3 27. c5
Bxc5 28. Qe4 g6 29. Bxg6 fxg6 30. Qxg6 gxf4 31. exf4 Bf2 32. Qg7+ Kd8 33. Qf8+
Kd7 34. Qf7+ Kc8 35. Qf8+ Qd8 36. Qf5+ Qd7 37. Qf8+ Kc7 38. Rf1 Qxg4 39. fxe5
Qe4+ 40. Ka1 Bd4 41. Qf7+ Kb6 42. Qb3+ Ka6 43. Qa4+ Kb6 1/2-1/2

[Event "OHS 2012"]
[Site "Herne"]
[Date "2012.02.28"]
[Round "3"]
[White "Kolakovic, Klaudio"]
[Black "Gorzinski, Dariusz"]
[Result "1/2-1/2"]
[PlyCount "79"]
[WhiteElo "1991"]
[BlackElo "1890"]

1. e4 c6 2. d4 d5 3. Nc3 dxe4 4. Nxe4 Bf5 5. Ng3 Bg6 6. Bc4 e6 7. N1e2 Bd6 8.
O-O Qc7 9. Re1 Nd7 10. a4 Ngf6 11. a5 O-O 12. Bb3 c5 13. c3 c4 14. Bc2 Bxc2 15.
Qxc2 Nd5 16. h3 N7f6 17. Bg5 h6 18. Bxf6 Nxf6 19. Ne4 Nxe4 20. Qxe4 Rfd8 21.
Kh1 Be7 22. Ng1 Rd5 23. Nf3 Rad8 24. Ra4 Qc6 25. Rea1 Qb5 26. Qe2 Rc8 27. Ne5
Bf6 28. Rb4 Qa6 29. Rxc4 Rxc4 30. Nxc4 e5 31. b3 Qb5 32. dxe5 Rxe5 33. Qc2 Re6
34. Rd1 Qe8 35. Ne3 Bg5 36. Qc1 Bxe3 37. fxe3 Rxe3 38. Rd8 Rxh3+ 39. gxh3 Qxd8
40. b4 1/2-1/2

[Event "OHS 2012"]
[Site "Herne"]
[Date "2012.02.28"]
[Round "3"]
[White "Melmer, Felix"]
[Black "Wimber, Hartmut"]
[Result "0-1"]
[PlyCount "132"]
[WhiteElo "1949"]
[BlackElo "1879"]

1. f4 d5 2. Nf3 Nf6 3. g3 c5 4. Bg2 g6 5. O-O Bg7 6. d3 O-O 7. c3 Nc6 8. Na3 b6
9. Qa4 Bb7 10. e4 e6 11. e5 Nd7 12. Nb5 Ne7 13. d4 Bc6 14. Qb3 c4 15. Qb4 a5
16. Qa4 Nc8 17. b3 Na7 18. bxc4 dxc4 19. Rb1 Nxb5 20. Rxb5 Qe8 21. Nd2 Nc5 22.
Bxc6 Nxa4 23. Bxe8 Rfxe8 24. Ne4 Rec8 25. Ba3 Rc6 26. Kf2 Bf8 27. Bxf8 Kxf8 28.
Ke2 Ke7 29. Kd2 Rd8 30. Kc2 h5 31. Nd6 Rd7 32. h3 Rd8 33. Rd1 Rd7 34. Rd2 Kd8
35. g4 hxg4 36. hxg4 Ke7 37. Rh2 Kf8 38. Rb1 Rdxd6 39. exd6 Rxd6 40. Rh8+ Kg7
41. Rc8 b5 42. Rxb5 Nb6 43. Rb8 Nd5 44. Rxa5 Nxf4 45. g5 Nh3 46. Rbb5 Rd7 47.
a4 f5 48. gxf6+ Kxf6 49. Ra8 g5 50. Rh8 Nf4 51. Kd2 Nd5 52. Rf8+ Kg6 53. a5 Rh7
54. a6 Rh2+ 55. Ke1 Ra2 56. Rb7 Rxa6 57. Rg8+ Kf5 58. Kf2 Nxc3 59. Kf3 Nd5 60.
Rf7+ Nf6 61. Rgf8 e5 62. dxe5 Kxe5 63. Re7+ Re6 64. Rc7 Kd4 65. Rfc8 g4+ 66.
Kf4 Nd5+ 0-1

[Event "OHS 2012"]
[Site "Herne"]
[Date "2012.02.28"]
[Round "3"]
[White "Reinholz, Benjamin"]
[Black "Patzer, Jörg"]
[Result "1-0"]
[PlyCount "65"]
[WhiteElo "1864"]
[BlackElo "1948"]

1. e4 d6 2. d4 Nf6 3. Nc3 g6 4. Bc4 Bg7 5. Bg5 c6 6. Qd2 Qa5 7. f3 Nbd7 8. Nge2
b5 9. Bd3 a6 10. O-O Bb7 11. a4 b4 12. Nd1 c5 13. c3 Rc8 14. Bh6 Bxh6 15. Qxh6
b3 16. Ne3 Nb6 17. dxc5 dxc5 18. Nc4 Nxc4 19. Bxc4 Rd8 20. Nc1 Qc7 21. Nxb3 Nd7
22. Qg7 Rf8 23. Rfd1 h5 24. a5 h4 25. Rd2 Nf6 26. Rad1 Rxd2 27. Rxd2 Nh5 28.
Bxf7+ Rxf7 29. Qg8+ Rf8 30. Qxg6+ Rf7 31. Qxh5 c4 32. Nc5 Qxa5 33. Qe5 1-0

[Event "OHS 2012"]
[Site "Herne"]
[Date "2012.02.28"]
[Round "3"]
[White "Ribbeheger, Edgar"]
[Black "Wenzel, Martin"]
[Result "1/2-1/2"]
[PlyCount "68"]
[WhiteElo "1947"]
[BlackElo "1813"]

1. e4 e6 2. d4 d5 3. Nc3 Nf6 4. e5 Nfd7 5. Nce2 c5 6. c3 Nc6 7. Nf3 f6 8. exf6
Nxf6 9. Ng3 Qb6 10. Bd3 cxd4 11. cxd4 Bb4+ 12. Bd2 Nxd4 13. Nxd4 Qxd4 14. O-O
Bxd2 15. Qxd2 Qb6 16. Qg5 O-O 17. Nh5 Qc7 18. Rac1 Qf7 19. Nxf6+ Qxf6 20. Qxf6
Rxf6 21. Rc7 e5 22. Rfc1 Be6 23. Rxb7 e4 24. Bb5 Raf8 25. Rcc7 Kh8 26. Rxg7 Bf7
27. Rg3 Bg6 28. Rd7 Be8 29. Rxd5 Rxf2 30. Rf3 exf3 31. Kxf2 fxg2+ 32. Kxg2 Bf7
33. Rd7 Bxa2 34. Rxa7 Bd5+ 1/2-1/2

[Event "OHS 2012"]
[Site "Herne"]
[Date "2012.02.28"]
[Round "3"]
[White "Maczkowiak, Thomas"]
[Black "Bartel, Mario"]
[Result "1/2-1/2"]
[PlyCount "53"]
[WhiteElo "1833"]
[BlackElo "2096"]

1. Nf3 Nf6 2. g3 g6 3. Bg2 Bg7 4. O-O O-O 5. c4 d6 6. Nc3 c6 7. d3 e5 8. Rb1 a5
9. a3 h6 10. b4 axb4 11. axb4 Be6 12. b5 Nbd7 13. Nd2 d5 14. Bb2 Nc5 15. Qc2 d4
16. Nce4 Ncxe4 17. dxe4 cxb5 18. cxb5 Qb6 19. Rfc1 Ba2 20. Ra1 Qxb5 21. Bxd4
Be6 22. Rab1 Qxe2 23. Bf3 Qa6 24. Bxe5 Rfd8 25. Qb2 Ba2 26. Ra1 Qe6 27. Bc3
1/2-1/2

[Event "OHS 2012"]
[Site "Herne"]
[Date "2012.02.28"]
[Round "3"]
[White "Markert, Dirk, Dr."]
[Black "Domnik, Roland"]
[Result "0-1"]
[PlyCount "86"]
[WhiteElo "1963"]
[BlackElo "1696"]

1. e4 c5 2. Nc3 Nc6 3. d3 e6 4. Nf3 a6 5. g3 b5 6. a3 Bb7 7. Bg2 d6 8. O-O Nf6
9. Re1 Nd7 10. Be3 Be7 11. Qd2 Nce5 12. Qe2 Nxf3+ 13. Qxf3 Bf6 14. Qe2 O-O 15.
f4 Qc7 16. g4 h6 17. h3 Rae8 18. Qd2 Bh4 19. Rf1 f5 20. Bf2 Bxf2+ 21. Rxf2 fxg4
22. hxg4 Nf6 23. Bf3 Nh7 24. Raf1 Re7 25. Bg2 Ref7 26. Ne2 Qe7 27. c3 g5 28. f5
exf5 29. gxf5 Nf6 30. Ng3 Qe5 31. Ne2 Ng4 32. Bf3 Nxf2 33. Rxf2 Qf6 34. Rh2 d5
35. Ng3 dxe4 36. dxe4 Rd8 37. Qg2 Rd6 38. Nh5 Qe5 39. Qg4 Rfd7 40. f6 Bxe4 41.
Re2 Rd1+ 42. Kg2 Bxf3+ 43. Qxf3 Qxe2+ 0-1

[Event "OHS 2012"]
[Site "Herne"]
[Date "2012.02.28"]
[Round "3"]
[White "Kracht, Joachim"]
[Black "Schmidt, Ralph"]
[Result "0-1"]
[PlyCount "36"]
[WhiteElo "1688"]
[BlackElo "1930"]

1. e4 e5 2. Nc3 Nc6 3. f4 Bc5 4. Nf3 d6 5. Bb5 Bd7 6. fxe5 Nxe5 7. Bxd7+ Qxd7
8. d4 Nxf3+ 9. gxf3 Bb6 10. O-O f5 11. Nd5 Ne7 12. Nxb6 axb6 13. e5 g5 14. Re1
dxe5 15. Rxe5 O-O-O 16. c3 Ng6 17. Re1 f4 18. a4 Qh3 0-1

[Event "OHS 2012"]
[Site "Herne"]
[Date "2012.02.28"]
[Round "3"]
[White "Göldenboog, Jürgen"]
[Black "Schäfer, Michael"]
[Result "1-0"]
[PlyCount "59"]
[WhiteElo "1883"]
[BlackElo "1599"]

1. d4 Nf6 2. c4 c5 3. d5 b5 4. cxb5 a6 5. b6 d6 6. Nc3 Nbd7 7. e4 g6 8. f4 Qxb6
9. Nf3 Qc7 10. a4 Rb8 11. a5 Bg7 12. Bc4 O-O 13. Qe2 Rb4 14. O-O Nb8 15. h3 Nh5
16. Kh2 Bd4 17. Qd3 Bd7 18. b3 Bh8 19. g4 Nf6 20. e5 dxe5 21. fxe5 Nxg4+ 22.
hxg4 Bxg4 23. d6 exd6 24. exd6 Qd7 25. Bh6 Rd8 26. Ng5 Be5+ 27. Kh1 Qc6+ 28.
Bd5 Rd4 29. Rxf7 Rxd3 30. Rf8# 1-0

[Event "OHS 2012"]
[Site "Herne"]
[Date "2012.02.28"]
[Round "3"]
[White "Müller-Kreth, Kai"]
[Black "Donin, Oleksandr"]
[Result "0-1"]
[PlyCount "116"]
[WhiteElo "1861"]
[BlackElo "1577"]

1. c4 e6 2. d4 d5 3. Nc3 c5 4. Nf3 Nf6 5. Bg5 cxd4 6. Nxd4 Be7 7. e3 a6 8. Bd3
Nc6 9. O-O O-O 10. Rc1 dxc4 11. Bxc4 Nxd4 12. exd4 b5 13. Bd3 Bb7 14. a3 Kh8
15. Bb1 Nd5 16. Qd3 f5 17. Bxe7 Qxe7 18. Nxd5 Bxd5 19. Qe3 Qf6 20. f4 Rac8 21.
b4 Rc4 22. Rxc4 Bxc4 23. Rd1 Rd8 24. Bc2 Rc8 25. Qe5 Qxe5 26. dxe5 g6 27. Rd6
Bd5 28. Bd3 Rc3 29. Be2 Rxa3 30. Kf2 Rb3 31. Rxa6 Rxb4 32. Rb6 Rxf4+ 33. Bf3 b4
34. Ke3 Rc4 35. Bxd5 exd5 36. Kd3 Re4 37. e6 Kg7 38. Rd6 Kf6 39. Rxd5 Kxe6 40.
Rb5 Rg4 41. g3 Re4 42. Rb7 h5 43. Rg7 Kf6 44. Rb7 Kg5 45. Rg7 h4 46. Rb7 hxg3
47. hxg3 Rg4 48. Ke2 Rxg3 49. Rxb4 f4 50. Kf2 Kg4 51. Ra4 g5 52. Rb4 Kh3 53.
Rb8 Ra3 54. Rh8+ Kg4 55. Rg8 Ra2+ 56. Kg1 f3 57. Rg7 Kf4 58. Kf1 g4 0-1

[Event "OHS 2012"]
[Site "Herne"]
[Date "2012.02.28"]
[Round "3"]
[White "Odenwald, Andreas"]
[Black "Matrisch, Gerd"]
[Result "1/2-1/2"]
[PlyCount "42"]
[WhiteElo "1609"]
[BlackElo "1723"]

1. Nc3 d5 2. e4 d4 3. Nce2 e5 4. Nf3 Nc6 5. Ng3 Nge7 6. Bc4 Ng6 7. O-O Be7 8.
d3 Na5 9. Bb3 Nxb3 10. axb3 O-O 11. h3 f5 12. exf5 Bxf5 13. Qe2 Bd6 14. Ng5 h6
15. Nxf5 Rxf5 16. Ne4 Qh4 17. Ng3 Rf7 18. Qe4 Qxe4 19. Nxe4 a6 20. g3 Raf8 21.
Bd2 Be7 1/2-1/2

[Event "OHS 2012"]
[Site "Herne"]
[Date "2012.02.28"]
[Round "3"]
[White "Kempken, Reinhold"]
[Black "Kamper, Marco"]
[Result "1-0"]
[PlyCount "55"]
[WhiteElo "1610"]
[BlackElo "1785"]

1. e4 c6 2. d4 d5 3. Nc3 dxe4 4. f3 exf3 5. Nxf3 Nf6 6. Bc4 e6 7. O-O Be7 8. a4
O-O 9. Ne2 c5 10. c3 Nc6 11. Kh1 cxd4 12. cxd4 Bd7 13. Nf4 Na5 14. Bd3 Bc6 15.
Ne5 Rc8 16. Be3 Bd5 17. Qe2 Nb3 18. Rad1 Ne4 19. Qh5 f5 20. Qh3 Bg5 21. Bxe4
Bxe4 22. Nxe6 Qd5 23. Nxg5 f4 24. Bxf4 Rc2 25. Nxe4 Nxd4 26. Ng5 h6 27. Rxd4
Rxf4 28. Rdxf4 1-0

[Event "OHS 2012"]
[Site "Herne"]
[Date "2012.02.28"]
[Round "3"]
[White "Breme, Dietmar"]
[Black "Sikorski, Thomas"]
[Result "1/2-1/2"]
[PlyCount "45"]
[WhiteElo "1297"]
[BlackElo "1716"]

1. e4 e5 2. Nf3 Nf6 3. Nc3 Nc6 4. d4 exd4 5. Nxd4 d6 6. Nxc6 bxc6 7. Be2 Be7 8.
O-O O-O 9. Be3 a5 10. a4 Ba6 11. f3 Qb8 12. Rb1 Bxe2 13. Qxe2 Qb4 14. Kh1 d5
15. Bd2 Qc5 16. e5 Nd7 17. f4 f5 18. Qd3 Rad8 19. Ne2 Nb6 20. b3 d4 21. Ng3 g6
22. Rf3 Qd5 23. Re1 1/2-1/2

[Event "OHS 2012"]
[Site "Herne"]
[Date "2012.02.28"]
[Round "3"]
[White "Janke, Anatoli"]
[Black "Nagel, Frank"]
[Result "1-0"]
[PlyCount "79"]
[WhiteElo "1723"]
[BlackElo "1627"]

1. e4 d5 2. exd5 Qxd5 3. Nf3 Nf6 4. d4 Bg4 5. Be2 e6 6. O-O c6 7. Bf4 Be7 8. h3
Bh5 9. Nbd2 Nbd7 10. c4 Qa5 11. a3 O-O 12. Re1 Qd8 13. Qb3 Qb6 14. Qc3 a5 15.
Rac1 Rac8 16. Bd3 Rfe8 17. Bg3 c5 18. Be2 cxd4 19. Nxd4 Bc5 20. N4b3 a4 21.
Nxc5 Nxc5 22. Bxh5 Nxh5 23. Be5 f6 24. Bd4 e5 25. Bxc5 Qxc5 26. Ne4 Qa7 27. Nd6
Nf4 28. Nxe8 Rxe8 29. Rcd1 b6 30. Rd6 Qb7 31. Qf3 Qc7 32. Qc6 Qxc6 33. Rxc6 Rb8
34. Kf1 Nd3 35. Re2 b5 36. Rd2 bxc4 37. Rxc4 Nxb2 38. Rcc2 Rb3 39. Rxb2 Rxa3
40. Ra2 1-0

[Event "OHS 2012"]
[Site "Herne"]
[Date "2012.02.28"]
[Round "3"]
[White "Pohl, Martin"]
[Black "Schicktanz, Florian"]
[Result "1-0"]
[PlyCount "75"]
[WhiteElo "1687"]
[BlackElo "1488"]

1. c4 e5 2. g3 Nf6 3. Bg2 Bc5 4. Nc3 Nc6 5. a3 a5 6. e3 d6 7. Nge2 Bd7 8. O-O
O-O 9. b3 Qc8 10. f4 Bh3 11. Bb2 Bxg2 12. Kxg2 exf4 13. Nxf4 Qg4 14. Ncd5 Qxd1
15. Nxf6+ gxf6 16. Raxd1 Nb8 17. Nd5 Nd7 18. Rf5 c6 19. Rg5+ Kh8 20. Nxf6 Ne5
21. d4 h6 22. Rf5 Bxa3 23. Bxa3 Ng6 24. Bxd6 Rfd8 25. Bc7 Rdc8 26. Rxa5 Rxa5
27. Bxa5 Ra8 28. Ra1 Kg7 29. Nh5+ Kh7 30. Bc3 Rd8 31. Rf1 Rf8 32. d5 Ra8 33.
Rxf7+ Kg8 34. Rg7+ Kh8 35. Rxg6+ Kh7 36. Rg7+ Kh8 37. Rxb7+ Kg8 38. Nf6+ 1-0

[Event "OHS 2012"]
[Site "Herne"]
[Date "2012.02.28"]
[Round "3"]
[White "Barth, Hans-Joachim"]
[Black "Bittner, Reinhard"]
[Result "1-0"]
[PlyCount "103"]
[WhiteElo "1783"]
[BlackElo "1465"]

1. e4 c6 2. d3 d5 3. Nd2 dxe4 4. dxe4 g6 5. Bc4 Bg7 6. Ngf3 Bg4 7. Bxf7+ Kxf7
8. Ng5+ Ke8 9. Qxg4 Qd7 10. Qf3 Nf6 11. Qb3 Rf8 12. O-O Na6 13. Ne6 Rf7 14. e5
Nd5 15. Nxg7+ Rxg7 16. Ne4 b6 17. Bh6 Rf7 18. Rad1 Qc7 19. c4 Nf4 20. Rfe1 Ne6
21. Qh3 Rf5 22. Bc1 h5 23. Qg3 Kf7 24. Ng5+ Nxg5 25. Bxg5 Nc5 26. e6+ Nxe6 27.
Qxc7 Nxc7 28. Rxe7+ Kg8 29. Bh6 Ne8 30. Rdd7 a5 31. h4 Rf6 32. Be3 c5 33. Bh6
Rd6 34. Rb7 Rad8 35. Rf7 Rf6 36. Rxf6 Nxf6 37. Rg7+ Kh8 38. Rxg6 Ng4 39. g3 Kh7
40. Rxb6 Nxh6 41. Rb5 Rd2 42. Rxc5 Rxb2 43. Rxa5 Rc2 44. c5 Ng4 45. c6 Rxc6 46.
Rxh5+ Rh6 47. Rxh6+ Kxh6 48. a4 Ne5 49. a5 Nf3+ 50. Kg2 Ne5 51. a6 Nc6 52. g4
1-0

[Event "OHS 2012"]
[Site "Herne"]
[Date "2012.02.28"]
[Round "3"]
[White "Quäschling, Udo"]
[Black "Stenzel, Gerhard"]
[Result "0-1"]
[PlyCount "98"]
[WhiteElo "1358"]
[BlackElo "1656"]

1. e4 d5 2. exd5 Nf6 3. Nc3 Nxd5 4. Nxd5 Qxd5 5. d4 Nc6 6. Be3 Bf5 7. Nf3 O-O-O
8. c4 Qd7 9. d5 Nb4 10. Nd4 e5 11. dxe6 fxe6 12. a3 Nc6 13. Nxc6 Qxc6 14. Qb3
Bg4 15. f3 Bf5 16. Be2 Bc5 17. Qc3 g5 18. b4 Be7 19. b5 Qe8 20. Bd4 Rf8 21. c5
Rxd4 22. Qxd4 Bf6 23. Qd1 Bxa1 24. Qxa1 h5 25. g4 hxg4 26. fxg4 Be4 27. Rg1 Rf4
28. Qe5 Qg6 29. Bc4 Rf6 30. Rg3 Bd5 31. Bd3 Qh6 32. h3 Rf4 33. Bf5 Bc4 34. Kd2
Kd8 35. Bd3 Bd5 36. Re3 Rf6 37. Be4 c6 38. Qb8+ Ke7 39. Qxb7+ Kf8 40. Qb8+ Kg7
41. bxc6 Bxe4 42. Rxe4 Qxh3 43. Qe5 Qxa3 44. Qxg5+ Kf7 45. Qe3 Qa5+ 46. Qc3
Rf2+ 47. Ke3 Qxc3+ 48. Kxf2 Qxc5+ 49. Re3 Qxc6 0-1

[Event "OHS 2012"]
[Site "Herne"]
[Date "2012.02.28"]
[Round "3"]
[White "Deutschmann, Jürgen"]
[Black "Kümmel, Hans-Jürgen"]
[Result "1-0"]
[PlyCount "85"]
[WhiteElo "1476"]
[BlackElo "1262"]

1. f4 d5 2. Nf3 g6 3. g3 Bg7 4. c3 f5 5. Bg2 c6 6. O-O Nf6 7. h3 Na6 8. d3 O-O
9. Nbd2 Nc7 10. Qb3 Kh8 11. a4 a5 12. c4 Na6 13. Kh2 Nb4 14. Ne5 Be6 15. Rd1
Bg8 16. Ndf3 d4 17. e3 dxe3 18. Bxe3 Qc7 19. Bc5 Na6 20. Bb6 Qd6 21. Bxa5 Nc5
22. Qc3 Nfd7 23. Bb4 Qc7 24. Qa3 Rxa4 25. Qc3 Rfa8 26. Rxa4 Rxa4 27. Qe1 Nxe5
28. Nxe5 Ne6 29. Bc3 c5 30. Rd2 Nd4 31. Qd1 Ra8 32. h4 Bxe5 33. fxe5 e6 34. b4
Rd8 35. Qe1 b6 36. Ra2 Rf8 37. bxc5 bxc5 38. Bd2 Bf7 39. Bh6 Re8 40. Qe3 Bg8
41. Bg5 Bf7 42. Bf6+ Kg8 43. Qh6 1-0

[Event "OHS 2012"]
[Site "Herne"]
[Date "2012.02.28"]
[Round "3"]
[White "Bleich, Karl-Heinz"]
[Black "Czarnecki, Günther"]
[Result "1-0"]
[PlyCount "53"]
[WhiteElo "1452"]
[BlackElo "1095"]

1. d4 d5 2. c4 dxc4 3. Nf3 f6 4. Nc3 Bg4 5. e3 e6 6. Bxc4 Bb4 7. Qb3 Nc6 8.
Bxe6 Bxc3+ 9. bxc3 Bxe6 10. Qxe6+ Qe7 11. Qb3 b6 12. O-O Nh6 13. Ba3 Qd7 14. e4
O-O-O 15. d5 Na5 16. Qb4 Rde8 17. Rfe1 Nf7 18. Rac1 Nd6 19. Red1 g5 20. e5 fxe5
21. Nxe5 Qf5 22. Nc6 Nxc6 23. dxc6 Rhf8 24. Qd4 Nb5 25. Qd7+ Qxd7 26. cxd7+ Kd8
27. dxe8=Q+ 1-0 {Rest nicht verständlich. Weiß gewinnt im 36. Zug.}

[Event "OHS 2012"]
[Site "Herne"]
[Date "2012.03.06"]
[Round "4"]
[White "Winterkamp, Sascha"]
[Black "Jaring, Thorsten"]
[Result "1-0"]
[PlyCount "91"]
[WhiteElo "1953"]
[BlackElo "1935"]

1. d4 Nf6 2. c4 e6 3. Nc3 d6 4. e4 Nc6 5. Nf3 Be7 6. h3 b6 7. a3 O-O 8. Be3 Nd7
9. Bd3 Bf6 10. Ne2 e5 11. d5 Ne7 12. O-O Ng6 13. Rb1 h6 14. Qc1 Nh4 15. Nxh4
Bxh4 16. b4 Bg5 17. Nc3 a6 18. Bc2 Bxe3 19. Qxe3 Qg5 20. Qxg5 hxg5 21. Ba4 Nf6
22. Bc6 Rb8 23. g4 g6 24. f3 Kg7 25. c5 dxc5 26. bxc5 b5 27. Na2 Nd7 28. Bxd7
Bxd7 29. Nb4 Ra8 30. Nd3 Rfe8 31. c6 Bc8 32. Nc5 Kf6 33. Rfc1 Ke7 34. Nb7 Rb8
35. Na5 Rb6 36. Kg2 Kd6 37. Rb2 Ke7 38. Kg3 Rh8 39. Rcb1 Rf8 40. Nb3 f5 41. Nd2
Rh8 42. a4 f4+ 43. Kg2 bxa4 44. Rxb6 cxb6 45. Nc4 b5 46. Nxe5 1-0

[Event "OHS 2012"]
[Site "Herne"]
[Date "2012.03.06"]
[Round "4"]
[White "Radi, Günter"]
[Black "Bauland, Thomas"]
[Result "1/2-1/2"]
[PlyCount "61"]
[WhiteElo "1934"]
[BlackElo "1935"]

1. d4 Nf6 2. Nf3 e6 3. c4 b6 4. Nc3 Bb7 5. e3 Bb4 6. Bd2 O-O 7. a3 Bxc3 8. Bxc3
Ne4 9. Rc1 d6 10. Be2 Nd7 11. O-O f5 12. Ne1 Qg5 13. f4 Qe7 14. Nf3 Nxc3 15.
Rxc3 Nf6 16. Nd2 Rad8 17. Bf3 Bxf3 18. Qxf3 e5 19. Qd1 exd4 20. exd4 Rde8 21.
Nf3 Qe2 22. Rc2 Qe3+ 23. Kh1 Qxf4 24. Ng1 Qg4 25. h3 Qxd1 26. Rxd1 Ne4 27. Kh2
Re7 28. Nf3 Rfe8 29. d5 a5 30. Nd4 g6 31. Nc6 1/2-1/2

[Event "OHS 2012"]
[Site "Herne"]
[Date "2012.03.06"]
[Round "4"]
[White "Wimber, Hartmut"]
[Black "Mancic, Ivan"]
[Result "0-1"]
[PlyCount "81"]
[WhiteElo "1879"]
[BlackElo "1990"]

1. d4 e6 2. Nf3 f5 3. Bg5 Nf6 4. Nc3 Bb4 5. Qd3 b6 6. a3 Bxc3+ 7. Qxc3 Bb7 8.
e3 O-O 9. Bc4 h6 10. Bxf6 Qxf6 11. O-O-O Bxf3 12. gxf3 d5 13. Be2 c5 14. h4 Nc6
15. Ba6 Ne7 16. f4 c4 17. Rdg1 Rfb8 18. a4 Rf8 19. Rg3 Rf7 20. h5 Rd8 21. Bb5
Nc8 22. Rg6 Qe7 23. f3 Nd6 24. Ba6 Rf6 25. Rg3 Ne8 26. Rhg1 Rf7 27. Rg6 Nc7 28.
Bb7 Rb8 29. Bc6 Qd6 30. Bb5 Kf8 31. Qe1 a6 32. Qg3 axb5 33. Rxg7 Ne8 34. Rg8+
Ke7 35. Qh4+ Kd7 36. R1g6 bxa4 37. Rxh6 c3 38. bxc3 a3 39. Kd2 a2 40. Qe1 Qa3
41. Qf1 0-1

[Event "OHS 2012"]
[Site "Herne"]
[Date "2012.03.06"]
[Round "4"]
[White "Kiese, Matthias, Prof. Dr."]
[Black "Reinholz, Benjamin"]
[Result "1-0"]
[PlyCount "61"]
[WhiteElo "2102"]
[BlackElo "1864"]

1. d4 b6 2. Nf3 Bb7 3. g3 Nf6 4. Bg2 e6 5. O-O Be7 6. c4 O-O 7. Nc3 d5 8. Ne5
c6 9. Qb3 Nbd7 10. Bf4 Nxe5 11. Bxe5 Ng4 12. Bf4 f5 13. Rad1 Bg5 14. e3 Be7 15.
f3 Nf6 16. Rfe1 Qd7 17. e4 fxe4 18. fxe4 dxc4 19. Qxc4 Rfe8 20. h3 Kh8 21. Kh2
Rad8 22. b4 Qc8 23. a3 h6 24. Be5 Ng8 25. Ne2 Bf6 26. Nf4 Kh7 27. Bxf6 Nxf6 28.
e5 Nd5 29. Qc2+ Kg8 30. Qg6 c5 31. Nh5 1-0

[Event "OHS 2012"]
[Site "Herne"]
[Date "2012.03.06"]
[Round "4"]
[White "Wickenfeld, Stefan"]
[Black "Göldenboog, Jürgen"]
[Result "1/2-1/2"]
[PlyCount "99"]
[WhiteElo "2088"]
[BlackElo "1883"]

1. d4 d5 2. Nf3 Nf6 3. g3 Bf5 4. Bg2 e6 5. c4 Bb4+ 6. Nbd2 O-O 7. O-O c6 8. Qb3
Bxd2 9. Bxd2 Qb6 10. Bb4 dxc4 11. Qxc4 Re8 12. Nd2 Na6 13. Bc3 Rad8 14. Rfd1
Nd5 15. Be4 Nxc3 16. bxc3 Bxe4 17. Nxe4 Qb5 18. Qxb5 cxb5 19. e3 f5 20. Nd2 Rc8
21. Rdc1 Re7 22. Rab1 b4 23. cxb4 Rxc1+ 24. Rxc1 Nxb4 25. Rc8+ Kf7 26. a3 Nc6
27. Nc4 Rd7 28. Kf1 Ke7 29. Rg8 Kf7 30. Rh8 h6 31. Ke2 Ke7 32. Rg8 Kf7 33. Rc8
Ke7 34. f3 Rd8 35. Rc7+ Rd7 36. Rc8 Rd8 37. Rxd8 Nxd8 38. Ne5 Kd6 39. Kd3 b5
40. e4 Nc6 41. Ng6 a5 42. Nh4 Ne7 43. g4 g5 44. Ng2 fxg4 45. fxg4 Ng6 46. Ne3
Nf4+ 47. Kc3 Ne2+ 48. Kd3 Nf4+ 49. Kc3 Ne2+ 50. Kd3 1/2-1/2

[Event "OHS 2012"]
[Site "Herne"]
[Date "2012.03.06"]
[Round "4"]
[White "Nebel, Uwe"]
[Black "Trzaska, Peter"]
[Result "1/2-1/2"]
[PlyCount "66"]
[WhiteElo "1852"]
[BlackElo "2081"]

1. e4 c6 2. d4 d5 3. Nc3 dxe4 4. Nxe4 Nf6 5. Nxf6+ exf6 6. Bc4 Bd6 7. Qe2+ Qe7
8. Qxe7+ Kxe7 9. Be3 Be6 10. Bxe6 fxe6 11. Ne2 Nd7 12. f3 Rhe8 13. Kf2 Kf7 14.
Ng3 Nb6 15. b3 Nd5 16. Ne4 Bf8 17. c4 Nxe3 18. Kxe3 e5 19. Rad1 exd4+ 20. Kxd4
f5 21. Ng3 g6 22. Rhe1 Bb4 23. Rxe8 Rxe8 24. Kd3 Rd8+ 25. Kc2 Rxd1 26. Kxd1 Bd6
27. Nf1 Ke6 28. Ke2 Ke5 29. Kd3 Bc5 30. Ng3 h5 31. Ne2 g5 32. h3 g4 33. fxg4
fxg4 1/2-1/2